Statistics for Countries by Second Biggest City

Click here to take the quiz!

General Stats

  • This quiz has been taken 1,158 times
    (470 since last reset)
  • The average score is 91 of 193

Answers on the Map

Answers color-coded by a green-red scale on the quiz's map according to % correct below.
 

Answer Stats

Second Biggest CityAnswer% Correct
Abu DhabiUnited Arab Emirates
98%
BarcelonaSpain
95%
AlexandriaEgypt
94%
AnkaraTurkey
93%
BirminghamUnited Kingdom
93%
HamburgGermany
92%
Cape TownSouth Africa
92%
OsakaJapan
91%
MelbourneAustralia
90%
AntwerpBelgium
90%
Rio de JaneiroBrazil
90%
MontrealCanada
90%
QuitoEcuador
90%
MumbaiIndia
90%
CorkIreland
90%
MilanItaly
90%
Saint PetersburgRussia
90%
Los AngelesUnited States
90%
HanoiVietnam
90%
RotterdamNetherlands
89%
KrakówPoland
89%
AleppoSyria
88%
LyonFrance
87%
Tel AvivIsrael
87%
JeddahSaudi Arabia
87%
GenevaSwitzerland
87%
ShanghaiChina
86%
ChristchurchNew Zealand
85%
PortoPortugal
85%
GothenburgSweden
85%
Nur-SultanKazakhstan
84%
VaduzLiechtenstein
84%
FezMorocco
84%
LahorePakistan
84%
KharkivUkraine
84%
MedellínColombia
83%
BergenNorway
83%
ThessalonikiGreece
82%
Santiago de CubaCuba
81%
AarhusDenmark
81%
BusanSouth Korea
81%
SplitCroatia
79%
MonterreyMexico
79%
BrnoCzech Republic
77%
YaoundéCameroon
76%
GrazAustria
75%
MombasaKenya
75%
CórdobaArgentina
73%
ChittagongBangladesh
72%
Porto-NovoBenin
71%
MbabaneEswatini
71%
TürkmenabatTurkmenistan
71%
AdenYemen
71%
BenghaziLibya
69%
KanoNigeria
69%
GitegaBurundi
67%
MalaboEquatorial Guinea
67%
MosulIraq
67%
Novi SadSerbia
67%
SurabayaIndonesia
66%
North TarawaKiribati
66%
MandalayMyanmar
66%
KošiceSlovakia
66%
KaunasLithuania
65%
CebuPhilippines
65%
MaracaiboVenezuela
64%
PlovdivBulgaria
63%
DebrecenHungary
62%
OranAlgeria
61%
Chiang MaiThailand
61%
KandaharAfghanistan
60%
TripoliLebanon
60%
TartuEstonia
59%
TampereFinland
58%
DurrësAlbania
56%
Banja LukaBosnia and Herzegovina
56%
ValparaísoChile
56%
LimassolCyprus
56%
Cap-HaïtienHaiti
56%
TiraspolMoldova
56%
DaugavpilsLatvia
55%
MashhadIran
54%
Montego BayJamaica
53%
SamarkandUzbekistan
53%
Esch-sur-AlzetteLuxembourg
52%
SfaxTunisia
52%
Siem ReapCambodia
51%
GomelBelarus
50%
MariborSlovenia
50%
Santa Cruz de la SierraBolivia
48%
San Pedro SulaHonduras
48%
NikšićMontenegro
48%
ArequipaPeru
48%
KumasiGhana
47%
IașiRomania
46%
TaichungTaiwan
45%
Escaldes-EngordanyAndorra
42%
BatumiGeorgia
40%
HargeisaSomalia
40%
Kuala BelaitBrunei
39%
AkureyriIceland
39%
PrizrenKosovo
39%
OshKyrgyzstan
39%
HamhungNorth Korea
39%
ColónPanama
39%
Pointe-NoireRepublic of the Congo
38%
Borgo MaggioreSan Marino
38%
Ciudad del EsteParaguay
37%
Mbuji-MayiDemocratic Republic of the Congo
36%
BlantyreMalawi
36%
Al RayyanQatar
36%
BulawayoZimbabwe
36%
Al JahrāKuwait
34%
Santiago De Los CaballerosDominican Republic
33%
LeónNicaragua
33%
Walvis BayNamibia
31%
SaltoUruguay
31%
BitolaNorth Macedonia
30%
Seberang PeraiMalaysia
29%
Bobo DioulassoBurkina Faso
28%
GyumriArmenia
27%
FrancistownBotswana
27%
NouadhibouMauritania
27%
PokharaNepal
27%
FreeportBahamas
26%
Santa AnaEl Salvador
26%
MwanzaTanzania
26%
ErdenetMongolia
25%
LaePapua New Guinea
25%
Saint Paul's BayMalta
24%
LubangoAngola
23%
Port-GentilGabon
23%
PhuntsholingBhutan
22%
LimonCosta Rica
22%
IrbidJordan
22%
KitweZambia
22%
ToamasinaMadagascar
21%
Addu CityMaldives
21%
ToubaSenegal
21%
BoSierra Leone
21%
LelydorpSuriname
21%
KhujandTajikistan
21%
All SaintsAntigua and Barbuda
20%
BimboCentral African Republic
20%
Ali SabiehDjibouti
20%
SerekundaGambia
20%
San IgnacioBelize
19%
BouakéCôte d'Ivoire
19%
AdamaEthiopia
19%
PakseLaos
19%
Anse BoileauSeychelles
19%
SumgaitAzerbaijan
17%
Villa NuevaGuatemala
17%
SeebOman
17%
Gros IsletSaint Lucia
17%
San FernandoTrinidad and Tobago
17%
SpeightstownBarbados
16%
MindeloCape Verde
16%
NampulaMozambique
16%
Sandy Point TownSaint Kitts and Nevis
16%
RiffaBahrain
15%
MoundouChad
15%
KoloniaFederated States of Micronesia
15%
LindenGuyana
15%
SikassoMali
15%
Vacoas-PhoenixMauritius
15%
PortsmouthDominica
14%
KerenEritrea
14%
CalliaquaSaint Vincent and the Grenadines
14%
NyalaSudan
14%
BaucauEast Timor
13%
LautokaFiji
13%
GrenvilleGrenada
13%
NzérékoréGuinea
13%
MaradiNiger
13%
Kira TownUganda
13%
LuganvilleVanuatu
13%
MutsamuduComoros
12%
GabúGuinea-Bissau
12%
SokodéTogo
12%
Santo AmaroSão Tomé and Príncipe
11%
NegomboSri Lanka
11%
TeyateyanengLesotho
10%
GizoSolomon Islands
10%
MalakalSouth Sudan
10%
NeiafuTonga
10%
GantaLiberia
9%
EbeyeMarshall Islands
9%
MeyunsPalau
8%
SalelologaSamoa
8%
AsauTuvalu
8%
MenengNauru
7%
MuhangaRwanda
7%

Score Distribution

Percentile by Number Answered

Percent of People with Each Score

Your Score History

You have not taken this quiz since the last reset